| 000 | 00572nam a2200241Ia 4500 | ||
|---|---|---|---|
| 005 | 20250425161816.0 | ||
| 008 | 250425s9999 xx 000 0 und d | ||
| 020 | _a8479272880 | ||
| 041 | _aspa | ||
| 082 | _a155.2 | ||
| 100 | _aJANDA, LOUIS | ||
| 245 | 0 | _aLOS TESTS DE AUTOCONOCIMIENTO Y SUPERACION | |
| 250 | _a1A ED. | ||
| 260 | _aBARCELONA | ||
| 260 |
_aEspaƱa _bROBINBOOK _c1998 |
||
| 300 | _a252 | ||
| 650 | _aINTELIGENCIA | ||
| 650 | _aPERSONALIDAD | ||
| 650 | _aPSICOLOGIA | ||
| 700 |
_aHUGO MARIANI _etraductor |
||
| 942 | _c01 | ||
| 010 | _a30555 | ||
| 999 |
_c216531 _d216531 |
||